000 00859nam a2200229Ia 4500
003 GCL
008 140319s9999 xx 000 0 ara d
040 _aGCL /
_cGCL
082 0 4 _a771.4
_bب ش
100 1 _aحيان جواد صيداوى
245 1 0 _aالشكلية المدينية :
_bمن الحى الى المبانى الجماعية الضخمة /
_cحيان جواد صيداوى
250 _aالاولى
260 _aبيروت :
_bدار قابس للطباعة والنشر والتوزيع ،
_c2004
300 _a184 ص ؛
_c18 سم
490 _aالدراسات المدينية الحديثة
_v0
650 0 4 _aتخطيط المدن
650 0 4 _aالاحياء السكنية
650 0 4 _aالمدن - لندن
650 0 4 _aالمدن - امستردام
650 0 4 _aالاسكان - فرانكفورت
942 _2ddc
_cBK
999 _c6440
_d6440